|
|
|
|
| LEADER |
00000nam a2200000 4500 |
| 001 |
vtls012262902 |
| 003 |
SK-MaSNL |
| 005 |
20260331212651.0 |
| 008 |
240827s2024 sz 000 0 eng |
| 020 |
|
|
|a 9783031531606
|q (viazané)
|
| 020 |
|
|
|a 9783031531613
|q (eBook)
|
| 040 |
|
|
|a SNK
|b slo
|c SNK
|e rda
|
| 041 |
0 |
|
|a eng
|
| 044 |
|
|
|a sz
|c CH
|
| 072 |
|
7 |
|2 konspekt
|
| 080 |
|
|
|2 2011
|
| 100 |
1 |
|
|a Knapčíková, Lucia,
|d 1984-
|4 edt
|9 216906
|
| 245 |
1 |
0 |
|a 8th EAI International Conference on Management of Manufacturing Systems
|c Lucia Knapčíková, Dragan Peraković, editors
|
| 264 |
|
1 |
|a Cham
|b Springer
|c [2024]
|
| 264 |
|
4 |
|c ©2024
|
| 300 |
|
|
|a 180 strán
|
| 336 |
|
|
|a text
|b txt
|2 rdacontent
|
| 337 |
|
|
|a bez média
|b n
|2 rdamedia
|
| 338 |
|
|
|a zväzok
|b nc
|2 rdacarrier
|
| 700 |
1 |
|
|a Peraković, Dragan,
|d 1972-
|4 edt
|9 220004
|
| 919 |
|
|
|a 978-3-031-53160-6
|
| 919 |
|
|
|a 978-3-031-53161-3
|
| 999 |
|
|
|c 874749
|d 876679
|
| 952 |
|
|
|a SNK
|b SNK
|y NEVYP
|7 1
|o snk
|i snk
|8 4
|g 219.99
|0 0
|1 0
|4 0
|d 2024-08-27
|l 0
|r 2026-02-24 05:54:52
|w 2026-02-24
|